Cycle Of Lies (Record no. 338470)
[ view plain ]
| 000 -LEADER | |
|---|---|
| fixed length control field | 00463nam a2200169Ia 4500 |
| 008 - FIXED-LENGTH DATA ELEMENTS--GENERAL INFORMATION | |
| fixed length control field | 230718s9999 xx 000 0 und d |
| 020 ## - INTERNATIONAL STANDARD BOOK NUMBER | |
| International Standard Book Number | 9780007565153 |
| 041 ## - LANGUAGE CODE | |
| Language code of text/sound track or separate title | eng |
| 082 ## - DEWEY DECIMAL CLASSIFICATION NUMBER | |
| Classification number | 813 |
| Item number | MAC |
| 100 ## - MAIN ENTRY--PERSONAL NAME | |
| Personal name | Macur J. |
| 9 (RLIN) | 196936 |
| 245 ## - TITLE STATEMENT | |
| Title | Cycle Of Lies |
| Remainder of title | The Fall Of Lance Armstrong |
| 260 ## - PUBLICATION, DISTRIBUTION, ETC. (IMPRINT) | |
| Date of publication, distribution, etc. | 2014 |
| Name of publisher, distributor, etc. | William Collins |
| 300 ## - PHYSICAL DESCRIPTION | |
| Extent | 459 |
| 365 ## - TRADE PRICE | |
| Currency code | Rs. |
| Price amount | 499.00 |
| 700 ## - ADDED ENTRY--PERSONAL NAME | |
| Personal name | Macur J. |
| 9 (RLIN) | 196936 |
| 906 ## - LOCAL DATA ELEMENT F, LDF (RLIN) | |
| d | O:0423607-Oct-2014B:579306-Jun-2014 |
| c | GENRL |
| b | 109.78 |
| Withdrawn status | Lost status | Source of classification or shelving scheme | Damaged status | Not for loan | Home library | Current library | Date acquired | Vendor | Budget Code | Cost, normal purchase price | Bill number | Total Checkouts | Full call number | Barcode | Date last seen | Date last checked out | Discount | Cost, replacement price | Bill Date | Koha item type | Original Barcode |
|---|---|---|---|---|---|---|---|---|---|---|---|---|---|---|---|---|---|---|---|---|---|
| Dewey Decimal Classification | Cummins College of Engineering for Women Pune | Cummins College of Engineering for Women Pune | 07/10/2014 | Technical Book Services | GENRL | 389.22 | 5793 | 4 | 813 | CCEP-BK-49677 | 24/04/2024 | 12/04/2024 | 109.78 | 499.00 | 06/06/2014 | Books | 049677 |